<?xml version="1.0" encoding="UTF-8"?>
<collection xmlns="http://www.loc.gov/MARC21/slim">
 <record>
  <leader>01519nab a2200193 i 4500</leader>
  <controlfield tag="001">misc42339</controlfield>
  <controlfield tag="005">20191106140604.0</controlfield>
  <controlfield tag="008">180706s2010    hu      o     0||   zxx d</controlfield>
  <datafield tag="022" ind1=" " ind2=" ">
   <subfield code="a">1215-5233</subfield>
  </datafield>
  <datafield tag="040" ind1=" " ind2=" ">
   <subfield code="a">SZTE Miscellanea Repozitórium</subfield>
   <subfield code="b">hun</subfield>
  </datafield>
  <datafield tag="041" ind1=" " ind2=" ">
   <subfield code="a">zxx</subfield>
  </datafield>
  <datafield tag="100" ind1="1" ind2=" ">
   <subfield code="a">Mikonya György</subfield>
  </datafield>
  <datafield tag="245" ind1="1" ind2="0">
   <subfield code="a">Életreform- és társadalmi-pedagógiai megújulási mozgalmak Magyarországon a 20. század elején</subfield>
   <subfield code="h">[elektronikus dokumentum] /</subfield>
   <subfield code="c"> Mikonya György</subfield>
  </datafield>
  <datafield tag="260" ind1=" " ind2=" ">
   <subfield code="c">2010</subfield>
  </datafield>
  <datafield tag="300" ind1=" " ind2=" ">
   <subfield code="a">87-100</subfield>
  </datafield>
  <datafield tag="490" ind1="0" ind2=" ">
   <subfield code="a">Iskolakultúra</subfield>
   <subfield code="v">20 No. 3</subfield>
  </datafield>
  <datafield tag="520" ind1="3" ind2=" ">
   <subfield code="a">A 20. század eleji európai társadalmi-történeti viszonyok meghatározó eleme a szociális igazságtalanság iránti érzékenység erősödése. Ennek fontosabb megnyilvánulásai az elégedetlenség az intézményes vallásokkal szemben, idegenkedés a racionalizmustól és a materializmustól. Kétségbeejtő a kirekesztettek, a társadalom peremére kerültek elkeseredettsége, reménytelensége. Érdekes, hogy ilyenkor a diktatúrák többnyire a költőket és az írókat zárják először börtönbe. Így történt ez most is, hiszen a költők, az írók és a művészek reagáltak a leggyorsabban és a leghatásosabban a visszásságokra. A sok-sok kezdeményezés között vallásos és szociális elemet kombináló mozgalmak is keletkeztek: egyesek közülük fejlődtek és napjainkig megmaradtak, mások elsorvadtak.</subfield>
  </datafield>
  <datafield tag="700" ind1="0" ind2="1">
   <subfield code="a">Pirka Veronika</subfield>
   <subfield code="e">aut</subfield>
  </datafield>
  <datafield tag="856" ind1="4" ind2="0">
   <subfield code="u">http://misc.bibl.u-szeged.hu/42339/1/6_EPA00011_iskolakultura_2010-03.pdf</subfield>
   <subfield code="z">Dokumentum-elérés </subfield>
  </datafield>
 </record>
</collection>
